| 000 | 00609nam a22001937a 4500 | ||
|---|---|---|---|
| 005 | 20171031123331.0 | ||
| 010 | _aENG-121156 | ||
| 020 |
_a9788174467409 _c295.00 |
||
| 035 | _aEN-104688 | ||
| 037 | _bDBAD/PUB | ||
| 082 | _a658.421 | ||
| 100 | _aDutta, Bholanath | ||
| 245 |
_aEntrepreneurship management : _cby Bholanath Dutta _btext and cases |
||
| 260 |
_aNew Delhi _bExcel Books _c2009 |
||
| 270 |
_aA-45, Naraina, Phase-I _bNew Delhi _e110028 |
||
| 300 |
_axvii,471p. _c24cm(pbk) _bill. |
||
| 500 | _aincludes bibliographical references and index | ||
| 942 |
_2ddc _cEN _h658.421 _mDUT |
||
| 999 |
_c147029 _d147029 |
||